000
nam a22 7a 4500
999
_c
232773
_d
232773
003
Nust
005
20170223115752.0
008
170223b xxu||||| |||| 00| 0 eng d
040
_c
DLC
082
_a
891.421 HUS
245
_a
دامن دے موتی
_c
حسین،سائیں اختر
260
_a
Lahore :
300
_a
163p. :
_c
26cm
942
_2
ddc
_c
BK